Southville International School and Colleges
Your cart is empty.
  • Cart
  • Lists
    Public lists Eva Luna New books Lux_list list_1
    Your lists Log in to create your own lists
  • Log in to your account
  • Your cookies
  • Search history
Southville International School and Colleges
  • Advanced search
  • Recent comments
  • Most popular
  • Libraries

Log in to your account

Log in with GOOGLE


If you do not have an external account, but do have a local account, you can still log in:

  1. Home
  2. MARC view: Weird animals.
Normal view MARC view ISBD view

Weird animals. (Record no. 114915)

[ view plain ]
MARC details
000 -LEADER
fixed length control field 00464nam a2200181 a 4500
005 - DATE AND TIME OF LATEST TRANSACTION
control field 20140414132116.0
008 - FIXED-LENGTH DATA ELEMENTS--GENERAL INFORMATION
fixed length control field 101209s19uu xx 00 eng d
020 ## - INTERNATIONAL STANDARD BOOK NUMBER
International Standard Book Number 9781848102941
050 ## - LIBRARY OF CONGRESS CALL NUMBER
Classification number REF 590
Item number P22 2010
100 ## - MAIN ENTRY--PERSONAL NAME
Personal name Parker, Steve
245 ## - TITLE STATEMENT
Title Weird animals.
260 ## - PUBLICATION, DISTRIBUTION, ETC. (IMPRINT)
Place of publication, distribution, etc United Kingdom :
Name of publisher, distributor, etc Miles Kelly,
Date of publication, distribution, etc 2010.
440 ## - SERIES STATEMENT/ADDED ENTRY--TITLE
Title My top 20
520 ## - SUMMARY, ETC.
Summary, etc
650 ## - SUBJECT ADDED ENTRY--TOPICAL TERM
Topical term or geographic name as entry element Animals
General subdivision Miscellanea
-- Juvenile literature.
650 ## - SUBJECT ADDED ENTRY--TOPICAL TERM
Topical term or geographic name as entry element
General subdivision
Holdings
Withdrawn status Lost status Damaged status Use restrictions Home library Current library Shelving location Date acquired Source of acquisition Cost, normal purchase price Total Checkouts Full call number Barcode Date last seen Price effective from Koha item type
        Munich Library Munich Library Reference Section 10/11/2011   719.00   REF 590 P22 2010 M6851 04/14/2014 04/14/2014 Books

Weird animals.

APA

Parker S., . (2010). Weird animals. United Kingdom: Miles Kelly.

Chicago

Parker Steve, . 2010. Weird animals. United Kingdom: Miles Kelly.

Harvard

Parker S., . (2010). Weird animals. United Kingdom: Miles Kelly.

MLA

Parker Steve, . Weird animals. United Kingdom: Miles Kelly. 2010.

  • Place hold
  • Print
  • Cite
  • Add to your cart (remove)
  • Save record
    BIBTEX Dublin Core MARCXML MARC (non-Unicode/MARC-8) MARC (Unicode/UTF-8) MARC (Unicode/UTF-8, Standard) MODS (XML) RIS
  • More searches
    Search for this title in:
    Other Libraries (WorldCat) Other Databases (Google Scholar) Online Stores (Bookfinder.com) Open Library (openlibrary.org)

Exporting to Dublin Core...

SOUTHVILLE LIBRARY

Southville International School and Colleges Library

1281 Tropical Ave. Cor. Luxembourg St., BF Homes International, Las Pinas City

Tel. No. 8256374 / 252358 Loc. 117/146

Powered by Koha